00947cam 22002771 4500001000800000005001700008008004100025035002100066906004500087010001700132035001900149040002400168050002100192082001200213100004700225245005200272260004000324300004900364500004000413500006500453650002700518650002200545985002100567991004900588099003200637600734519980421192653.0770929s1946 enk 000 0 eng  9(DLC) 47020238 a7bcbccoclcrplduencipf19gy-gencatlg a 47020238  a(OCoLC)3306415 aDLCcOCdOCoLCdDLC00aTR650b.B27 1946 a770.2821 aBarber, E. Gordonq(Edward Gordon),d1908-10aPictorial composition in monochrome and colour. aLondon,bThe Fountain pressc[1946] a104 p. incl. illus., plates, diagrs.c19 cm. aAt head of title: E. Gordon Barber. a"First edition, February 1942. Second edition, January 1946. 0aPhotography, Artistic. 0aComposition (Art) eOCLC REPLACEMENT bc-GenCollhTR650i.B27 1946tCopy 1wOCLCREP abarber-pictorial-1071949325